| 000 | 01563cam a2200409 a 4500 | ||
|---|---|---|---|
| 999 |
_c29005 _d28976 |
||
| 001 | 12315526 | ||
| 003 | EG-ScBUE | ||
| 005 | 20201026135009.0 | ||
| 006 | m||||fq||h 00| 0 | ||
| 008 | 010220t2001 inua f b 001 0 eng d | ||
| 020 | _a0735710341 | ||
| 020 | _a9780735710344 | ||
| 035 | _a(OCoLC)ocm45802377 | ||
| 040 |
_aTEF _beng _erda _cTEF _dDLC _dEG-ScBUE |
||
| 082 | 0 | 4 |
_a005.72 _bVAL _222 |
| 100 | 1 |
_aValentine, Chelsea, _d1972- _eauthor. _923497 |
|
| 245 | 1 | 0 |
_aXHTML / _cChelsea Valentine, Chris Minnick. |
| 250 | _aFirst edition. | ||
| 264 | 1 |
_aIndianapolis, Indiana : _bNew Riders, _c[2001] |
|
| 264 | 4 | _cc2001 | |
| 300 |
_axix, 408 pages : _billustrations ; _c23 cm + _e1 CD |
||
| 336 |
_2rdacontent _atext _btxt |
||
| 336 |
_2rdacontent _asounds _bsnd |
||
| 337 |
_2rdamedia _aunmediated _bn |
||
| 337 |
_2rdamedia _aaudio _bs |
||
| 338 |
_2rdacarrier _avolume _bnc |
||
| 338 |
_2rdacarrier _acomputer disc _bcd |
||
| 504 | _aIncludes bibliographical references and index. | ||
| 538 | _aSystem requirements: Microsoft Windows 95 or later, or Mac OS 7.5 or later; 24MB RAM; 10MB minimum hard drive space; a recent generation Web browser (included). | ||
| 650 | 7 |
_aXHTML (Document markup language) _2BUEsh |
|
| 653 |
_bMASIICCSS _cOctober2020 |
||
| 655 |
_vReading book _934232 |
||
| 700 | 1 |
_aMinnick, Chris, _eauthor. |
|
| 906 |
_a7 _bcbc _ccopycat _d2 _encip _f20 _gy-gencatlg |
||
| 942 |
_2ddc _cBB |
||